00466 a2200133 4500001000900000005001700009008004100026245010700067100002700174700001900201700002300220773007200243999001700315ART_343120260410161714.0260409a 10aLa cuestión tecnológica y la organización de la investigación agropecuaria en América Latina1 aPiñeiro, Martín E.1 aTrigo, Eduardo1 aSábato, Jorge F.0 tDesarrollo económicog- Vol. 23, Nº 89 (abr./jun. 1983)wREV1174 c16385d16385